| 000 | 01096nam a22003137a 4500 | ||
|---|---|---|---|
| 001 | BR0901525 | ||
| 003 | BR-BrBNA | ||
| 005 | 20230928102900.0 | ||
| 007 | ta | ||
| 008 | 230509b bl.||||| |||| 00| 0 por d | ||
| 040 |
_aBR-BrBNA _bpor _cBiblioteca Nacional de Agricultura |
||
| 041 | _a(Por) | ||
| 072 | _aD10 | ||
| 090 | _ D10 BR0901525 | ||
| 100 | 1 | _aDantas, B.(org.) | |
| 100 | 1 | _aCruxên, E.(org.) | |
| 100 | 1 | _aSantos, F.(org.) | |
| 100 | 1 | _aLago, G.P. de L.(org. | |
| 110 | 1 |
_aSenado Federal, Brasília, DF (Brasil) _99266 |
|
| 245 | 1 | _aConstituição de 1988; o Brasil 20 anos depois: v. 1 - os alicerces da redemocratização; v. 2 - os cidadãos na carta cidadã; v. 3 - a consolidação das instituições;v. 4 - estado e economia em vinte anos de mudanças; v. 5 - o exercício da política | |
| 260 | 3 |
_aBrasília, DF (Brasil): _c2008. |
|
| 300 | _av. 1-5 | ||
| 650 | _aADMINISTRAÇÃO PUBLICA | ||
| 650 | _aLEGISLAÇÃO | ||
| 650 | _aDESENVOLVIMENTO ECONÔMICO | ||
| 650 | _aPOLÍTICA DE DESENVOLVIMENTO | ||
| 909 |
_a202309 _bLucia _c55 _dLucia Elande |
||
| 942 | _cBK | ||
| 999 |
_c72826 _d72826 |
||